| 000 | 00447nam a2200169Ia 4500 | ||
|---|---|---|---|
| 008 | 230524s9999 xx 000 0 und d | ||
| 020 | _a8178083329 | ||
| 082 |
_a621.382 _bKOL |
||
| 100 | _aHarold Kolimbiris | ||
| 245 | 0 | _aDigital Communications Systems with Satellite Fibre Optics Application | |
| 250 | _a4TH | ||
| 260 |
_aNEW DELHI _bPearson _c2005 |
||
| 300 | _a480 | ||
| 500 | _aQuantity Number: 4 | ||
| 650 | _aElectronics | ||
| 942 | _cBK | ||
| 999 |
_c7232 _d7232 |
||